Normal view
MARC view
Entry Topical Term
001 - CONTROL NUMBER
- control field: 15365
003 - CONTROL NUMBER IDENTIFIER
- control field: dpl
005 - DATE AND TIME OF LATEST TRANSACTION
- control field: 20100819165227.0
008 - FIXED-LENGTH DATA ELEMENTS
- fixed length control field: 100819|||a|||||| | ||| d
040 ## - CATALOGING SOURCE
- Original cataloging agency: dpl
- Transcribing agency: dpl
150 ## - HEADING--TOPICAL TERM
- Topical term or geographic name as entry element: Women
- Form subdivision: Social conditions
670 ## - SOURCE DATA FOUND
- Source citation: Work cat.: (dpl): Proceedings of the UGC sponsored national Seminar on Indian :, 2010
670 ## - SOURCE DATA FOUND
- Source citation: Work cat.: (dpl): Proceedings of the UGC sponsored national Seminar on Indian :, 2010
